Proceeding of 4th Interanational Pure Mathmatics Conference 2003 (Record no. 564456)
[ view plain ]
| 000 -LEADER | |
|---|---|
| fixed length control field | 00367nam a2200121Ia 4500 |
| 008 - FIXED-LENGTH DATA ELEMENTS--GENERAL INFORMATION | |
| fixed length control field | 210430s9999 xx 000 0 und d |
| 082 ## - DEWEY DECIMAL CLASSIFICATION NUMBER | |
| Classification number | 510P9621P |
| 100 ## - MAIN ENTRY--PERSONAL NAME | |
| Personal name | Q.Mushtaq&M.Ashiq |
| 245 ## - TITLE STATEMENT | |
| Title | Proceeding of 4th Interanational Pure Mathmatics Conference 2003 |
| Statement of responsibility, etc. | Q.Mushtaq&M.Ashiq |
| 260 ## - PUBLICATION, DISTRIBUTION, ETC. | |
| Place of publication, distribution, etc. | Rawelpindi |
| Name of publisher, distributor, etc. | Q.Mushtaq&M.Ashiq |
| Date of publication, distribution, etc. | 2003 |
| 300 ## - PHYSICAL DESCRIPTION | |
| Extent | 142p |
| 942 ## - ADDED ENTRY ELEMENTS (KOHA) | |
| Koha item type | Book |
| Source of classification or shelving scheme | |
| Withdrawn status | Lost status | Damaged status | Not for loan | Collection code | Permanent Location | Current Location | Shelving location | Date acquired | Total Checkouts | Full call number | Barcode | Date last seen | Price effective from | Koha item type |
|---|---|---|---|---|---|---|---|---|---|---|---|---|---|---|
| School of Chemical & Materials Engineering (SCME) | School of Chemical & Materials Engineering (SCME) | General Stacks | 510P9621P | SCME-3668 | 04/30/2021 | 04/30/2021 | Book |
